[Event "Katowice op"]
[Site "Katowice"]
[Date "1992.??.??"]
[Round "7"]
[White "Kaminski, Marcin"]
[Black "Petrienko, Vladimir"]
[Result "0-1"]
[WhiteElo "2360"]
[BlackElo "2440"]

1.e4 c5 2.Nf3 Nc6 3.d4 cxd4 4.Nxd4 Nf6 5.Nc3 d6 6.Bg5 Qb6 7.Nb3 e6 8.Bd3 Be7
9.O-O O-O 10.Qe2 a6 11.Kh1 Qc7 12.f4 b5 13.Rae1 h6 14.Bh4 b4 15.Nd1 Nd7 16.Bxe7 Nxe7
17.Ne3 e5 18.f5 Nf6 19.Ng4 Nxg4 20.Qxg4 f6 21.Nd2 Bb7 22.Rf3 d5 23.Rg3 Rf7
24.Nf3 dxe4 25.Bxe4 Bxe4 26.Qxe4 Rd8 27.Rf1 a5 28.Rg4 Qc8 29.Ne1 Rd4 30.Qe2 Rxg4
31.Qxg4 Rf8 32.Qe4 Rd8 33.g3 Rd4 34.Qf3 Rd2 35.Qe3 Qd7 36.Kg1 Rd1 37.Qe4 Qd5
38.Qxd5+ Nxd5 39.Nd3 Rxf1+ 40.Kxf1 Ne3+ 41.Ke2 Nxf5 42.c3 bxc3 43.bxc3 Kf7
44.Nc5 Nd6 45.Kd3 f5 46.a4 g5 47.c4 Ke7 48.Nb3 Nb7 49.g4 f4 50.c5 Kd7 51.Ke4 f3
52.Kxf3 Kc6 53.Kg3 Kd5 54.h4 Nxc5 55.Nxa5 Nxa4 56.hxg5 hxg5 57.Nb7 Nc5 58.Nd8 Ne6
59.Nf7 Kd4 60.Kf3 e4+ 61.Ke2 Nf4+ 62.Kd2 Nh3 63.Nd6 Ke5 64.Nc4+ Kd4 65.Nd6 e3+
66.Ke1 Kd3 67.Nf7 Ng1 68.Ne5+ Ke4 69.Nf7 Nf3+ 70.Ke2 Nd4+ 71.Ke1 Kf4 72.Kf1 Kxg4
73.Kg2 Kf4 74.Nd6 g4 75.Nc4 e2  0-1

[Event "Kecskemet"]
[Site "Kecskemet"]
[Date "1992.??.??"]
[Round "2"]
[White "Aseev, Konstantin N"]
[Black "Stajcic, Nikola"]
[Result "1-0"]
[WhiteElo "2560"]
[BlackElo "2320"]

1.e4 c5 2.Nf3 d6 3.d4 cxd4 4.Nxd4 Nf6 5.Nc3 Nc6 6.Bg5 e6 7.Qd2 a6 8.O-O-O h6
9.Be3 Be7 10.f4 Nxd4 11.Bxd4 b5 12.Qe3 Bb7 13.Bd3 O-O 14.Kb1 Qc7 15.Rhf1 Bc6
16.h3 Rac8 17.e5 dxe5 18.Bxe5 Qb7 19.f5 Bxg2 20.Rg1 Qf3 21.Qd2 Qxh3 22.Qxg2 Qxg2
23.Rxg2 exf5 24.Nd5 Nxd5 25.Rxg7+ Kh8 26.Bxf5 Rcd8 27.Rh7+ Kg8  1-0

[Event "Kecskemet"]
[Site "Kecskemet"]
[Date "1992.??.??"]
[Round "6"]
[White "Tolnai, Tibor"]
[Black "Stajcic, Nikola"]
[Result "0-1"]
[WhiteElo "2490"]
[BlackElo "2320"]

1.e4 c5 2.Nf3 d6 3.d4 cxd4 4.Nxd4 Nf6 5.Nc3 Nc6 6.Bg5 e6 7.Qd3 a6 8.O-O-O h6
9.Bh4 Be7 10.Bxf6 Bxf6 11.Nxc6 bxc6 12.Qxd6 Qb6 13.Bc4 Ra7 14.Na4 Qb7 15.Rd3 Be7
16.Qd4 O-O 17.Qb6 Qa8 18.Nc5 a5 19.a4 e5 20.Nb3 Be6 21.Bxe6 Rb8 22.Bxf7+ Kf8
23.Qxb8+ Qxb8 24.Bg6 Qb4 25.Rhd1 c5 26.Rf3+ Kg8 27.Be8 Qxe4 28.Kb1 c4 29.Nc1 Bf6
30.Bb5 Rc7 31.h3 Qg6 32.Ne2 e4 33.Rf4 Be5 34.Rg4 Qf6 35.Rxe4 Bxb2 36.Bxc4+ Rxc4
37.Rxc4 Qe6 38.Rg4 Qb6 39.Nc1 Bc3+ 40.Nb3 Qxf2 41.Rc4 Qf6 42.h4 h5 43.Rc8+ Kh7
44.Rc5 Kh6 45.g3 Bb4 46.Rb5 Qf3 47.Rd3 Qe4 48.Nd4 g6 49.Nb3 Be1 50.Nc5 Qg4
51.Nb3 Qxa4 52.Rb7 Bxg3 53.Rdd7 Bxh4 54.Nd4 Bf6 55.c3 Qd1+ 56.Kb2 Qd2+ 57.Kb3 a4+
58.Kc4 Bxd4 59.cxd4 a3 60.Rh7+ Kg5 61.Rb5+ Kg4 62.Ra7 Qc2+ 63.Kd5 h4 64.Rxa3 h3
65.Ra1 h2 66.Rbb1 Kh3 67.Ke5 Qf5+ 68.Kd6 g5 69.d5 g4 70.Kc6 g3 71.d6 Qc8+
72.Kd5 g2 73.Rd1 Qf5+ 74.Kc6 Qf3+ 75.Kc7 h1=Q  0-1

[Event "Kecskemet"]
[Site "Kecskemet"]
[Date "1992.??.??"]
[Round "10"]
[White "Tolnai, Tibor"]
[Black "Aseev, Konstantin N"]
[Result "1/2-1/2"]
[WhiteElo "2490"]
[BlackElo "2560"]

1.e4 c5 2.Nf3 d6 3.d4 cxd4 4.Nxd4 Nf6 5.Nc3 Nc6 6.Bg5 e6 7.Qd3 a6 8.O-O-O Bd7
9.f4 Rc8 10.Kb1 Be7 11.Be2 O-O 12.Bf3 Qc7 13.Nxc6 Bxc6 14.Bxf6 Bxf6 15.Qxd6 Bxc3
16.Qxc7 Rxc7 17.bxc3 f5  1/2-1/2

[Event "JUG-ch"]
[Site "Kladovo"]
[Date "1992.??.??"]
[Round "3"]
[White "Brajovic, Radovan"]
[Black "Pavlovic, Dragoljub"]
[Result "1-0"]
[WhiteElo "2295"]
[BlackElo "2360"]

1.e4 c5 2.Nf3 Nc6 3.d4 cxd4 4.Nxd4 Nf6 5.Nc3 d6 6.Bg5 e6 7.Qd2 a6 8.O-O-O h6
9.Bf4 Bd7 10.Nxc6 Bxc6 11.f3 d5 12.Qe1 Bb4 13.a3 Ba5 14.Bd2 Qe7 15.e5 Nd7
16.Kb1 Bc7 17.f4 O-O-O 18.Ne2 Bb6 19.Bb4 Bc5 20.Nd4 Nb8 21.h4 Rd7 22.Rh3 Rc7
23.Bxc5 Qxc5 24.Rc3 Qe7 25.f5 Bd7 26.Rxc7+ Kxc7 27.Qg3 Qf8 28.Rd3 Nc6 29.Rc3 g6
30.fxg6 fxg6 31.Bxa6 Kb8 32.Nxc6+ Bxc6 33.Qe3 Qc8 34.Qb6 Qc7 35.Qb4 Rc8 36.Bb5 Qb6
37.Qd6+ Ka7 38.Bxc6 Rxc6 39.Rxc6 Qxc6 40.Qxc6 bxc6 41.c4 Kb6 42.Kc2 Kc5 43.Kc3 Kb6
44.b4 Kc7 45.Kd4 Kb6 46.a4 Kb7 47.Kc5  1-0

[Event "Komotini op"]
[Site "Komotini"]
[Date "1992.??.??"]
[Round "?"]
[White "Nikolaidis, Konstantinos"]
[Black "Kofidis, Andreas"]
[Result "0-1"]
[WhiteElo "2245"]
[BlackElo "2350"]

1.e4 c5 2.Nf3 d6 3.d4 cxd4 4.Nxd4 Nf6 5.Nc3 Nc6 6.Bg5 e6 7.Qd2 a6 8.O-O-O Bd7
9.f4 Qc7 10.Bxf6 gxf6 11.f5 h5 12.Kb1 Bh6 13.Qf2 O-O-O 14.Be2 Qb6 15.Rhf1 Ne5
16.fxe6 fxe6 17.Nb3 Qxf2 18.Rxf2 Bg5 19.Rxd6 Kc7 20.Rd1 Ng4 21.Bxg4 hxg4
22.g3 Bc8 23.Rxd8 Rxd8 24.Nc1 Rd2 25.Nd3 b6 26.Rxd2 Bxd2 27.Nd1 Kd6 28.N1f2 e5
29.c3 f5 30.Kc2 Be3 31.Kd1 Bh6 32.Ke2 f4 33.Nb4 f3+ 34.Kd3 b5 35.Nd5 Be6
36.Ne3 Bxe3 37.Kxe3 a5 38.Kd3 Kc5 39.b3 a4 40.b4+ Kd6 41.a3 Ke7 42.Ke3 Kf6
43.Nd3 Bc4 44.Nf2 Be6 45.Kd2 Kg5 46.Nd1 Bc4 47.Ke3 Bb3 48.Nb2 Be6 49.Nd3 Kf6
50.Nc5 Bc4 51.Nd7+  0-1

[Event "ARG-ch sf2"]
[Site "La Plata"]
[Date "1992.??.??"]
[Round "?"]
[White "Servat, Roberto"]
[Black "Adla, Diego"]
[Result "1/2-1/2"]
[WhiteElo "2395"]
[BlackElo "2435"]

1.e4 c5 2.Nf3 d6 3.d4 cxd4 4.Nxd4 Nf6 5.Nc3 Nc6 6.Bg5 e6 7.Qd2 a6 8.O-O-O Bd7
9.f4 b5 10.Bxf6 gxf6 11.Nxc6 Bxc6 12.Bd3 b4 13.Ne2 Qb6 14.Kb1 h5 15.f5 Bh6
16.Qe1 e5 17.Ng3 h4 18.Nf1 Bg5 19.Nd2 Bxd2 20.Rxd2 Qc5 21.Qe2 a5 22.Rhd1 Ke7
23.Bc4 Rad8 24.b3 Rh7 25.Qf3 a4 26.Bd5 Bb5 27.bxa4 Bxa4 28.Bb3 Bc6 29.Bd5 Bb5
30.Qf2 Qxf2 31.Rxf2 Rc8 32.Re1 Rc3 33.Kb2  1/2-1/2

[Event "Ladenburg BM"]
[Site "Ladenburg"]
[Date "1992.??.??"]
[Round "4"]
[White "Pfrommer, Christoph"]
[Black "Mandel, Andreas"]
[Result "1/2-1/2"]
[WhiteElo "2310"]
[BlackElo "2375"]

1.e4 c5 2.Nf3 d6 3.d4 cxd4 4.Nxd4 Nf6 5.Nc3 Nc6 6.Bg5 e6 7.Qd2 a6 8.O-O-O Bd7
9.f4 Be7 10.Nf3 b5 11.e5 b4 12.exf6 bxc3 13.Qxc3 gxf6 14.Bh4 d5 15.Kb1 Nb4
16.Nd4 Rc8 17.Qb3 Rb8 18.Be2 Qc7 19.Rhf1 O-O 20.Rf3 Rfc8 21.Rg3+ Kh8 22.a3 Nc6
23.Qc3 Qxf4 24.Rg4 Nxd4 25.Rxf4 Rxc3 26.Rfxd4 Rxa3 27.b3 a5 28.Kb2 Ra4 29.Rxa4 Bxa4
30.Ra1 Bb5 31.Bh5 Kg7 32.Rxa5 Bd6 33.Ra7 Be8 34.h3 Be5+ 35.c3 d4 36.Be1 dxc3+
37.Bxc3 Rb5 38.Bf3 Rb6 39.Bxe5 fxe5 40.Rc7 Ba4 41.Rb7 Rxb7 42.Bxb7 Bb5 43.Kc3 f5
44.Kd2 Kf6 45.Ke3 Ke7 46.g3 Kd6 47.b4 Bf1 48.h4 Bc4 49.Bf3 Kc7 50.Bd1 Bd5
51.Be2 Kb6 52.Bf1 Kc6 53.Be2 Kd6 54.Ba6 Bb3 55.Bb5 Bd1 56.Bc4 Bg4 57.Bb3 e4
58.Kf4 e5+ 59.Ke3 Kc6 60.Bc4 Bh3  1/2-1/2

[Event "Ladenburg BM"]
[Site "Ladenburg"]
[Date "1992.??.??"]
[Round "10"]
[White "Schmidt Schaeffer, Sebastian"]
[Black "Mandel, Andreas"]
[Result "1/2-1/2"]
[WhiteElo "2270"]
[BlackElo "2375"]

1.e4 c5 2.Nf3 d6 3.d4 cxd4 4.Nxd4 Nf6 5.Nc3 Nc6 6.Bg5 e6 7.Qd2 a6 8.O-O-O Bd7
9.f4 Be7 10.Nb3 b5 11.Bxf6 gxf6 12.g3 Qb6 13.Kb1 O-O-O 14.f5 Kb8 15.Ne2 Bc8
16.Nf4 d5  1/2-1/2

[Event "Las Vegas op"]
[Site "Las Vegas"]
[Date "1992.??.??"]
[Round "?"]
[White "Gurevich, Ilya"]
[Black "Ferguson, Bobby"]
[Result "1-0"]
[WhiteElo "2475"]
[BlackElo "2235"]

1.e4 c5 2.Nf3 Nc6 3.d4 cxd4 4.Nxd4 Nf6 5.Nc3 d6 6.Bg5 Bd7 7.Qd2 Rc8 8.O-O-O Nxd4
9.Qxd4 Qa5 10.Bd2 g6 11.Kb1 Bg7 12.Nd5 Qc5 13.Qxc5 dxc5 14.Bc3 Bc6 15.g3 Nh5
16.Bh3 e6 17.Bxg7 Nxg7 18.Rhe1 Kf8 19.e5 Ne8 20.Nf4 Ke7 21.c4 Ng7 22.Kc2 g5
23.Nd3 Bf3 24.Rd2 g4 25.Bf1 Nf5 26.Nf4 Nd4+ 27.Kc3 h5 28.b4 b6 29.bxc5 bxc5
30.Rb2 h4 31.Nd3 hxg3 32.hxg3 Rh1 33.a4 f5 34.exf6+ Kxf6 35.a5 e5 36.Nxe5 Ne2+
37.Rexe2 Bxe2 38.Nd7+ Kf5 39.Bxe2 Rc7 40.Rd2 Re1 41.Rd5+ Kg6 42.Bxg4 Rc1+
43.Kd3 Rb7 44.Nxc5 Rb2 45.Ne4 Ra1 46.Rd6+ Kg7 47.Rd7+ Kf8 48.Rxa7 Ra4 49.Be6 Ra3+
50.Kd4 Rf3 51.a6 Rb6 52.Ke5 Rf6 53.Kxf6 Rb8 54.Rh7  1-0

[Event "Leeuwarden op"]
[Site "Leeuwarden"]
[Date "1992.??.??"]
[Round "4"]
[White "Tondivar, Babak"]
[Black "Van der Wiel, John TH"]
[Result "1/2-1/2"]
[WhiteElo "2270"]
[BlackElo "2545"]

1.e4 c5 2.Nf3 d6 3.d4 cxd4 4.Nxd4 Nf6 5.Nc3 Nc6 6.Bg5 e6 7.Qd2 a6 8.O-O-O Bd7
9.f4 h6 10.Bxf6 Qxf6 11.e5 dxe5 12.Ndb5 Qd8 13.Nd6+ Bxd6 14.Qxd6 Qe7 15.fxe5 Rd8
16.Qxe7+ Kxe7 17.Re1 h5 18.h4 Nd4 19.Bd3 Bc6 20.Be4 Rc8 21.Rh3 Rhd8 22.Rd3 Bxe4
23.Rxe4 Nf5 24.Kd2 Rc5 25.Rxd8 Kxd8 26.Kd3 Rc7 27.Ne2 Ke7 28.c4 Rc8 29.Nd4 Nxd4
30.Rxd4 Rc5 31.Re4 a5 32.Kd4 b6 33.b3 Rc8 34.Re1 Rd8+ 35.Kc3 g5 36.hxg5 Rg8
37.g3 Rxg5 38.Re3 Rg4 39.a3 f6 40.exf6+ Kxf6 41.b4 e5 42.Kb3 Ke6 43.Rc3 e4
44.bxa5 bxa5 45.c5 Kd7 46.Re3 Kc6 47.Kc4 a4 48.Kd4 Kb5 49.Kd5 Rg5+ 50.Kxe4 Kxc5  1/2-1/2

[Event "Leon"]
[Site "Leon"]
[Date "1992.??.??"]
[Round "7"]
[White "Magem Badals, Jorge"]
[Black "Garcia Ilundain, David"]
[Result "1/2-1/2"]
[WhiteElo "2515"]
[BlackElo "2420"]

1.e4 c5 2.Nf3 d6 3.d4 cxd4 4.Nxd4 Nf6 5.Nc3 Nc6 6.Bg5 e6 7.Qd2 a6 8.O-O-O h6
9.Be3 Bd7 10.Nxc6 Bxc6 11.f3 d5 12.Qe1 Bb4 13.a3 Ba5 14.Bd2 Qe7 15.e5 Nd7
16.Kb1 Bc7 17.f4 f6 18.exf6 gxf6 19.Be2 O-O-O 20.Bf3 Nb6 21.Qh4 Qf7 22.Rhf1 Nc4
23.Bc1 h5 24.Ne2 f5 25.Nd4 Bd7 26.Qe1 Kb8 27.Qe2 Nd6 28.Rfe1 Ne4 29.Be3 Rc8
30.Rc1 h4 31.h3 Ka8 32.c4 e5 33.fxe5 Bxe5 34.cxd5 Qxd5 35.Qd3 Be6 36.b3 Rxc1+
37.Rxc1 Rd8 38.Rd1 Bxd4 39.Bxd4 Qxb3+ 40.Qxb3 Bxb3 41.Rd3 Bc4 42.Rd1 Bb3
43.Rd3 Ba4 44.Kb2 Bb5 45.Rd1 Ba4 46.Rd3 Bc6 47.Rd1 Ba4 48.Rd3 b6 49.Rd2 Bc6
50.Rc2 Ba4  1/2-1/2

[Event "Linares NL"]
[Site "Linares"]
[Date "1992.??.??"]
[Round "?"]
[White "Garmendez, Florentino"]
[Black "Garmendez Gonzalez, Carlos"]
[Result "1/2-1/2"]
[WhiteElo "2325"]
[BlackElo "2240"]

1.e4 c5 2.Nf3 Nc6 3.d4 cxd4 4.Nxd4 Nf6 5.Nc3 d6 6.Bg5 e6 7.Qd2 Be7 8.Nb3 a6
9.O-O-O Qc7 10.Bxf6 gxf6 11.Kb1 Bd7 12.f4 O-O-O 13.Be2 Kb8 14.g3 Na5 15.Nxa5 Qxa5
16.Bf3 Bc6 17.Rhf1 f5 18.exf5 Bxf3 19.Rxf3 Qxf5 20.Qd3 Qh5 21.Rf2 d5 22.Qe2 Qh3
23.Qf1 Qg4 24.Rf3  1/2-1/2

[Event "Linares NL"]
[Site "Linares"]
[Date "1992.??.??"]
[Round "?"]
[White "Zapata, Alonso"]
[Black "Martin del Campo, Roberto"]
[Result "1/2-1/2"]
[WhiteElo "2530"]
[BlackElo "2425"]

1.e4 c5 2.Nf3 Nc6 3.d4 cxd4 4.Nxd4 Nf6 5.Nc3 d6 6.Bg5 a6 7.Qd2 Nxd4 8.Qxd4 e5
9.Qd2 Be6 10.O-O-O Rc8 11.f3 Rc6 12.Kb1 Be7 13.h4 O-O 14.g4 Qc7 15.Be3 d5
16.exd5  1/2-1/2

[Event "Madrid"]
[Site "Madrid"]
[Date "1992.??.??"]
[Round "1"]
[White "Magem Badals, Jorge"]
[Black "Epishin, Vladimir"]
[Result "0-1"]
[WhiteElo "2515"]
[BlackElo "2620"]

1.e4 c5 2.Nf3 Nc6 3.d4 cxd4 4.Nxd4 Nf6 5.Nc3 d6 6.Bg5 e6 7.Qd2 Be7 8.O-O-O O-O
9.Nb3 a6 10.f4 b5 11.Bxf6 gxf6 12.Qe2 Kh8 13.Qh5 b4 14.Ne2 e5 15.f5 Qe8 16.Rd3 Rg8
17.Rh3 Rg7 18.Ng3 Qg8 19.Bc4 a5 20.Bd5 Bb7 21.Nd2 a4 22.Nf3 b3 23.cxb3 axb3
24.a3 Na5 25.Bxb7 Nxb7 26.Kb1 Nc5 27.Qh6 Rg4 28.Qe3 Rf4 29.Rc1 Ra4 30.Nd2 Rd4
31.Rc3 d5 32.exd5 Rxd5 33.Nxb3 Nxb3 34.Rxb3 Bc5 35.Qc1 Bd6 36.Nh5 Rxf5 37.Qh6  0-1

[Event "Balkaniad"]
[Site "Mangalia"]
[Date "1992.??.??"]
[Round "1"]
[White "Dimitrov, Vladimir"]
[Black "Kotronias, Vasilios"]
[Result "0-1"]
[WhiteElo "2405"]
[BlackElo "2560"]

1.e4 c5 2.Nf3 Nc6 3.d4 cxd4 4.Nxd4 Nf6 5.Nc3 d6 6.Bg5 e6 7.Qd2 a6 8.O-O-O h6
9.Be3 Bd7 10.f4 Be7 11.h3 b5 12.Bd3 Nxd4 13.Bxd4 b4 14.Ne2 e5 15.Be3 Qa5
16.Kb1 O-O 17.g4 exf4 18.Bxf4 Be6 19.Nc1 d5 20.e5 Ne4 21.Qg2 Rac8 22.h4 Qb6
23.Rdf1 a5 24.Qf3 f6 25.exf6 Bxf6 26.Be3 Qc6 27.Qg2 Be5 28.Nb3 a4 29.Nd4 Bxd4
30.Bxd4 b3 31.Rxf8+ Rxf8 32.Rc1 bxa2+ 33.Kxa2 Qd6 34.g5 h5 35.Qe2 Qb4 36.Qe3 Bg4
37.Rf1 Rc8 38.Ka1 Re8 39.g6 Qd6 40.Bxe4 Rxe4 41.Qf2 Qxg6 42.Qf8+ Kh7 43.c3 Re8
44.Qb4 Qd3 45.Rg1 Qa6 46.Qb6 Qxb6 47.Bxb6 g5 48.hxg5 Kg6 49.Ka2 Re4 50.Bd8 h4
51.Rf1 Bf5 52.Ka3 h3 53.Rf2 Rc4 54.Rd2 Be4 55.Rf2 Bg2 56.Rf6+ Kxg5 57.Rf8+ Kg6
58.Rh8 Kg7 59.Rh5 Kg6 60.Rh8 Kg7 61.Rh5 Kf7 62.Rh7+ Ke6 63.Bb6 Kf5 64.Rh8 Kg4
65.Rg8+ Kf3 66.Rh8 Kg3 67.Ba7 Bf3 68.Bb8+ Kg2 69.Rg8+ Kf1 70.Rf8 Kf2 71.Rh8 Bg4
72.Rd8 Be6 73.Rh8 Kg2 74.Rh6 Re4 75.Rg6+ Kf3 76.Rh6 Ke2 77.Rf6 Ke1 78.Bc7 Kd1
79.Rf1+ Kd2 80.Rf2+ Kd3 81.Rf3+ Ke2 82.Rf6 Bd7 83.Rd6 Be6 84.Ra6 Kf3 85.Rxa4 Kg2
86.Ra7 h2 87.Bxh2 Kxh2 88.Rg7 Rc4 89.Rg5 Kh3 90.Re5 Re4 91.Rg5 Kh4 92.Rg2 Rc4
93.Kb3 Bg4 94.Kc2 Kg5 95.Rf2 Bf5+ 96.Kd2 Rh4 97.Ke3 Re4+ 98.Kd2 Kf6 99.Rf1 Rh4
100.Rf2 Ke5 101.Ke3 Be4 102.Rf8 Rh3+ 103.Kd2 Bf5 104.Rb8 Kf4  0-1

[Event "Manila ol (Men)"]
[Site "Manila"]
[Date "1992.??.??"]
[Round "?"]
[White "Bolzoni, Victor Angel"]
[Black "Ilinsky, Vladimir"]
[Result "0-1"]
[WhiteElo "2300"]
[BlackElo "2340"]

1.e4 c5 2.Nf3 Nc6 3.d4 cxd4 4.Nxd4 Nf6 5.Nc3 d6 6.Bg5 e6 7.Qd2 h6 8.Bxf6 gxf6
9.O-O-O a6 10.f4 h5 11.Kb1 Bd7 12.f5 Qa5 13.Bc4 Nxd4 14.Qxd4 Be7 15.Rhf1 O-O-O
16.Qa7 Qc5 17.Qxc5+ dxc5 18.e5 fxe5 19.fxe6 Bxe6 20.Bxe6+ fxe6 21.Rxd8+ Kxd8
22.Kc1 Rg8 23.g3 c4 24.Ne4 Rg4 25.Nf2 Rg5 26.Kd1 Kd7 27.Ke2 Kc6 28.Ne4 Rf5
29.Rd1 b5 30.c3 Rf8 31.Ke3 a5 32.h3 Rg8 33.Rg1 Rd8 34.Ke2 Rd3 35.Nf2 Bc5
36.Rg2 Re3+ 37.Kd2 Rf3 38.Ne4 Rd3+ 39.Kc2 Be7 40.Re2 Kd5 41.h4 Rf3 42.Re1 Bf8
43.Ng5 Rxg3 44.Rd1+ Kc6 45.Nf7 Rg2+ 46.Kb1 b4 47.Nd8+ Kb5 48.Nxe6 Bh6 49.cxb4 axb4
50.Re1 Kc6 51.a4 bxa3 52.bxa3 Kd7 53.Ng5 Bxg5 54.hxg5 Rxg5 55.Kc2 h4 56.Rh1 Rg4
57.Rh2 Kc6 58.Rh1 e4 59.Rh2 e3 60.Kc3 Re4 61.Re2 h3 62.Re1 e2  0-1

[Event "Manila ol (Men)"]
[Site "Manila"]
[Date "1992.??.??"]
[Round "?"]
[White "Daly, Colm"]
[Black "Atalik, Suat"]
[Result "0-1"]
[WhiteElo "2225"]
[BlackElo "2455"]

1.e4 c5 2.Nf3 d6 3.d4 cxd4 4.Nxd4 Nf6 5.Nc3 Nc6 6.Bg5 e6 7.Qd2 a6 8.O-O-O Bd7
9.f4 b5 10.Bxf6 gxf6 11.f5 h5 12.Kb1 Qb6 13.fxe6 fxe6 14.Nxc6 Qxc6 15.Bd3 Qc5
16.Qf4 Be7 17.Rhe1 O-O-O 18.Bf1 Kb8 19.Rd3 Rc8 20.Qd2 Be8 21.Ne2 Bf7 22.Nf4 Rc7
23.g3 h4 24.Bh3 hxg3 25.Rxg3 Qe5 26.Rg7 Rf8 27.Rxf7 Rxf7 28.Bxe6 Rh7 29.Bf5 Rh4
30.Nd5 Rxh2 31.Qd3 Rcxc2 32.Qxc2 Rxc2 33.Kxc2 Qh2+ 34.Kb1 Bd8 35.Rc1 Kb7
36.a3 Bb6 37.Bc8+ Ka7 38.Bf5 Bc5 39.Rc3 Qe2 40.Ka2 a5 41.Kb1 Qd1+ 42.Ka2 Qe2
43.Kb1 b4 44.axb4 axb4 45.Rh3 Qd1+ 46.Ka2 Qa4+ 47.Kb1 b3 48.Rh7+ Ka6 49.Nc3 Qc4
50.Rh1 Qd3+ 51.Ka1 Qc2 52.Rf1 Ba3 53.Rb1 Bxb2+ 54.Rxb2 Qxc3  0-1

[Event "Manila ol (Women)"]
[Site "Manila"]
[Date "1992.??.??"]
[Round "?"]
[White "Maskova, Jana"]
[Black "Prudnikova, Svetlana"]
[Result "1-0"]
[WhiteElo "2235"]
[BlackElo "2265"]

1.e4 c5 2.Nf3 Nc6 3.d4 cxd4 4.Nxd4 Nf6 5.Nc3 d6 6.Bg5 e6 7.Qd2 a6 8.O-O-O h6
9.Bf4 Bd7 10.Nxc6 Bxc6 11.f3 d5 12.Qe1 Bb4 13.a3 Ba5 14.Bd2 Bc7 15.e5 Nd7
16.f4 O-O 17.Kb1 f6 18.exf6 Qxf6 19.Ne2 Rae8 20.Bb4 Rf7 21.Nd4 Bxf4 22.Be2 e5
23.Bh5 g6 24.g3 gxh5 25.gxf4 Qxf4 26.Nxc6 bxc6 27.Qe2 c5 28.Bd2 Qf3 29.Rhg1+ Kh7
30.Qxa6 Rf6 31.Qb5 Qh3 32.Rg3 Qe6 33.Rdg1 Re7 34.R3g2 Ref7 35.Be1 c4 36.Qa5 Rf1
37.Qd8 Rf8 38.Qh4 Rxg1 39.Rxg1 Nf6 40.Rf1 Rf7 41.Qf2 Kg8 42.a4 d4 43.a5 Nd5
44.Rg1+ Kf8 45.Qh4 Rf6 46.Qg3 c3 47.bxc3 dxc3 48.Bxc3 Nxc3+ 49.Qxc3 Rg6 50.Rxg6 Qxg6
51.Qxe5 h4 52.Qb8+ Kg7 53.Qb7+ Kg8 54.a6 Qg1+ 55.Kb2 Qxh2 56.a7 Qe5+ 57.Ka2 Qe6+
58.Qb3  1-0

[Event "Manila ol (Women)"]
[Site "Manila"]
[Date "1992.??.??"]
[Round "?"]
[White "Kondou, Eva"]
[Black "Chilingirova, Pavlina"]
[Result "1/2-1/2"]
[WhiteElo "2245"]
[BlackElo "2270"]

1.e4 c5 2.Nf3 d6 3.d4 cxd4 4.Nxd4 Nf6 5.Nc3 Nc6 6.Bg5 e6 7.Qd2 a6 8.O-O-O Bd7
9.f4 h6 10.Bxf6 Qxf6 11.Nf3 Qd8 12.Kb1 Be7 13.Qe3 Qc7 14.Be2 Rc8 15.h4 b5
16.Rd2 Na5 17.Qd4 O-O 18.e5 d5 19.f5 b4 20.f6 bxc3 21.fxe7 Rfe8 22.Qxc3 Qxc3
23.bxc3 Nc4 24.Rd4 Rb8+ 25.Kc1 Na3 26.Rb4 Bb5 27.Bxb5 axb5 28.Nd4 Ra8 29.Nxb5 Nxb5
30.Rxb5 Rxa2 31.Kd2 Rxe7 32.Rb8+ Kh7 33.h5 Rc7 34.Rf1 Ra4 35.Rb4 Ra8 36.Rff4 Rac8
37.c4 Kg8 38.Kd3 Rc5 39.Rd4 Ra5 40.cxd5 exd5 41.Rg4 Ra1 42.e6 fxe6 43.Rb7 g5
44.hxg6 Ra3+ 45.Kd2 Ra2 46.Re7 Raxc2+ 47.Kd1 R2c6 48.Ra4 R8c7 49.Ra8+ Rc8
50.Raa7 e5  1/2-1/2

[Event "Manila ol (Women)"]
[Site "Manila"]
[Date "1992.??.??"]
[Round "?"]
[White "Erneste, Inguna"]
[Black "Lumongdong, Lisa Karlina"]
[Result "1-0"]
[WhiteElo "2320"]
[BlackElo "2320"]

1.e4 c5 2.Nf3 Nc6 3.d4 cxd4 4.Nxd4 Nf6 5.Nc3 d6 6.Bg5 e6 7.Qd2 Be7 8.O-O-O O-O
9.Nb3 Qb6 10.f3 Rd8 11.Be3 Qc7 12.Qf2 d5 13.exd5 Nxd5 14.Nxd5 Rxd5 15.Rxd5 exd5
16.g4 Be6 17.Kb1 Rc8 18.Nd4 Qa5 19.c3 Ne5 20.h3 Nc4 21.Bc1 b5 22.Bxc4 Rxc4
23.a3 Qb6 24.Be3 Bc5 25.Re1 Bd7 26.Nb3 Bxe3 27.Qxe3 Qxe3 28.Rxe3 Kf8 29.Kc2 Rf4
30.Kd3 h5 31.Nd4 f6 32.b3 Kf7 33.Ne2 g5 34.Nxf4 gxf4 35.Re1 hxg4 36.hxg4 Bc6
37.Kd4 a6 38.Kc5 Ba8 39.Kb6 d4 40.cxd4 Bxf3 41.Rf1 Bxg4 42.Rxf4 Bc8 43.Kc7 Be6
44.b4 Ke7 45.Kc6 Bd7+ 46.Kc5 f5 47.Kd5 Be6+ 48.Ke5 Bc8  1-0

[Event "Manila ol (Women)"]
[Site "Manila"]
[Date "1992.??.??"]
[Round "?"]
[White "Bednarska, Malgorzata"]
[Black "Tazhieva, Lyazzat"]
[Result "0-1"]
[WhiteElo "2150"]
[BlackElo "2190"]

1.e4 c5 2.Nf3 Nc6 3.d4 cxd4 4.Nxd4 Nf6 5.Nc3 d6 6.Bg5 e6 7.Qd2 a6 8.O-O-O h6
9.Bh4 Nxe4 10.Qf4 g5 11.Nxc6 bxc6 12.Nxe4 gxf4 13.Bxd8 Kxd8 14.Nxd6 Bxd6
15.Rxd6+ Kc7 16.Rd2 Bb7 17.Bc4 c5 18.f3 Rad8 19.Re1 Rxd2 20.Kxd2 Rg8 21.Re2 Rg5
22.Ke1 Rh5 23.h3 a5 24.Rd2 Re5+ 25.Kf2 Bc6 26.Rd3 a4 27.a3 Rg5 28.b3 Rg8
29.Rc3 Ra8 30.bxa4 Rxa4 31.Ke1 Kd6 32.Kd2 f5 33.Rd3+ Ke7 34.Rc3 e5 35.Bd3 e4
36.Bf1 Kd6 37.Rb3 Ra8 38.Ke1 h5 39.Be2 h4 40.Bc4 Ra5 41.Be2 Ra7 42.Rb6 Kc7
43.Rb3 Bd5 44.Rb5 Kc6 45.c4 Be6 46.Rb3 Ra4 47.Rb8 e3 48.Re8 Kd6 49.Rd8+ Ke5
50.Rd1 Bxc4 51.Rc1 Bxe2 52.Kxe2 c4 53.Rb1 Rxa3 54.Rb5+ Kd4 55.Rxf5 Ra2+ 56.Ke1 c3
57.Rf8 c2  0-1

[Event "Manila ol (Women)"]
[Site "Manila"]
[Date "1992.??.??"]
[Round "?"]
[White "Ashlanian, L."]
[Black "Demina, Julia"]
[Result "1-0"]
[WhiteElo "2210"]
[BlackElo "2390"]

1.e4 c5 2.Nf3 Nc6 3.d4 cxd4 4.Nxd4 Nf6 5.Nc3 d6 6.Bg5 e6 7.Qd2 a6 8.O-O-O h6
9.Bf4 Bd7 10.Nxc6 Bxc6 11.f3 d5 12.Qe1 Bb4 13.a3 Ba5 14.Bd2 Qe7 15.e5 Nd7
16.Kb1 Bc7 17.f4 f6 18.exf6 Qxf6 19.g3 O-O 20.Bg2 Nb6 21.Ne2 Na4 22.Bc1 Bb6
23.b3 Nc5 24.Bb2 Qg6 25.Nd4 Rfe8 26.Qb4 Ba7 27.Rhe1 Rac8 28.Rd2 Kh8 29.Rde2 Bd7
30.Nf3 Bb5 31.Ne5 Qf5 32.g4 Qh7 33.Rd2 Rf8 34.f5 exf5 35.Rxd5 f4 36.h4 Be8
37.g5 b6 38.Rd6 a5 39.Qc3 Nb7 40.Rxh6 Rxc3 41.Rxh7+ Kxh7 42.Bxc3 Nd6 43.Bf3 Bb8
44.h5 Nf5 45.g6+ Kh6 46.Ng4+ Kg5 47.Rg1 Bd6 48.Ne3+ Kh6 49.Nxf5+ Rxf5 50.Rd1 Be5
51.Rd5 Bc6 52.Rxe5 Rxe5 53.Bxe5 Bxf3 54.Bxf4+ Kxh5 55.a4 Be2 56.c4 Kxg6 57.Bc7 b5
58.c5 Kf5 59.Kc2 g5 60.Bxa5 g4 61.Bc7  1-0

[Event "Manila ol (Men)"]
[Site "Manila"]
[Date "1992.??.??"]
[Round "?"]
[White "Wong Meng Kong"]
[Black "Enhbat, Tegshsuren"]
[Result "1-0"]
[WhiteElo "2415"]
[BlackElo "2300"]

1.e4 c5 2.Nf3 Nc6 3.d4 cxd4 4.Nxd4 Nf6 5.Nc3 d6 6.Bg5 e6 7.Qd2 a6 8.O-O-O Bd7
9.Kb1 b5 10.f3 Rc8 11.Nxc6 Bxc6 12.Bd3 Qb6 13.Rhe1 b4 14.Bxf6 gxf6 15.Nd5 Bxd5
16.exd5 e5 17.Bf5 Rc5 18.Re4 a5 19.Rh4 h5 20.f4 Be7 21.Qe2 Qb5 22.Bd3 Qd7
23.Rxh5 Rxh5 24.Qxh5 Rxd5 25.Re1 Bf8 26.Bf5 Qc7 27.Qf3 Rd4 28.g4 Bh6 29.fxe5 dxe5
30.Bd3 Bf4 31.h4 Ke7 32.Rf1 a4 33.g5 Qd7 34.g6 fxg6 35.Bxg6 Qd5 36.Qh5 Kd6
37.Qe2 Ke7 38.Bd3 Qe6 39.c3 bxc3 40.bxc3 Qb6+ 41.Ka1 a3 42.Rb1 Qd8 43.Bf5 Qc7
44.Qc2 Rc4 45.Qg2 Kd6 46.Qa8 Rxc3 47.Qf8+ Kd5 48.Rd1+ Kc4 49.Qg8+ Kc5 50.Qd5+ Kb6
51.Rb1+ Ka7 52.Be4  1-0

[Event "Manila ol (Men)"]
[Site "Manila"]
[Date "1992.??.??"]
[Round "?"]
[White "Tsuboi, Edson Kenji"]
[Black "Pacis, Adrian"]
[Result "1/2-1/2"]
[WhiteElo "2335"]
[BlackElo "2305"]

1.e4 c5 2.Nf3 d6 3.d4 cxd4 4.Nxd4 Nf6 5.Nc3 Nc6 6.Bg5 e6 7.Qd2 a6 8.O-O-O h6
9.Be3 Nxd4 10.Bxd4 b5 11.f4 Be7 12.Bd3 Bb7 13.e5 dxe5 14.fxe5 Nd5 15.Ne4 Nb4
16.Kb1 Qd5 17.Nc3 Qxg2 18.Qxg2 Bxg2 19.Rhg1 Bf3 20.Rdf1 Bh5 21.Be4 Rd8 22.Bb6 Rd2
23.Be3 Rd7 24.Rxg7 Bf8 25.Rg2 Be7 26.Rg3 Nd5 27.Nxd5 exd5 28.Bf5 Rc7 29.Rh3 Bg6
30.e6 Bxf5 31.exf7+ Kxf7 32.Rxf5+ Ke6 33.Rfh5 Bf8 34.Bd4 Rg8 35.Re3+ Kd7
36.Rf3 Rc6 37.Rxd5+ Rd6 38.Rxd6+ Bxd6 39.Rd3 Kc6 40.Rd2 Rg4 41.c3 Rh4 42.Bg1 Rg4
43.Be3 Rh4 44.Bf2 Rh3 45.Bg1 Bc5 46.Bxc5 Kxc5 47.Kc1 a5 48.Rf2 b4 49.Rc2 a4
50.cxb4+ Kxb4 51.Kd1 h5 52.Ke1 h4 53.Kf1 Kb5 54.Rf2 Rd3 55.Rf5+ Kc6 56.Rf4 a3
57.bxa3 Rxa3 58.Rc4+ Kd5 59.Rc2 Ke4 60.Kg2 h3+ 61.Kf2 Kf4 62.Ke2 Ke4 63.Kd2 Kf3
64.Ke1 Re3+ 65.Kf1 Ra3 66.Rf2+ Ke3 67.Rb2 Kf4 68.Kg1  1/2-1/2

[Event "Manila ol (Men)"]
[Site "Manila"]
[Date "1992.??.??"]
[Round "?"]
[White "Abdennabi, Imed"]
[Black "Robatsch, Karl"]
[Result "1/2-1/2"]
[WhiteElo "2395"]
[BlackElo "2410"]

1.e4 c5 2.Nf3 d6 3.d4 cxd4 4.Nxd4 Nf6 5.Nc3 Nc6 6.Bg5 Bd7 7.Qd2 Rc8 8.O-O-O Nxd4
9.Qxd4 Qa5 10.f4 h6 11.Bh4 g5 12.fxg5 hxg5 13.Be1 Bg7 14.Kb1 Qc5 15.Qxc5 Rxc5
16.Be2 Ng4 17.Nd5 a6 18.h3 Ne5 19.Bf2 Rc6 20.b3 f5 21.Be3 Nf7 22.exf5 Bxf5
23.Bd3 Bxd3 24.Rxd3 e6 25.Nb4 Rc3 26.Rf1 Rh4 27.Bd2 Rxd3 28.Nxd3 Re4 29.Kc1 Re2
30.Ne1 Re4 31.g4 Bd4 32.Nf3 Be3 33.Re1 Bxd2+ 34.Kxd2 Rxe1 35.Kxe1 Ke7 36.Kf2 Kf6
37.h4 gxh4 38.Nxh4 Ne5 39.Kg3 Kg5 40.Nf3+ Nxf3 41.Kxf3 b5 42.c4  1/2-1/2